Normal view
MARC view
- Ospina Florido, Byron Giovanny
Entry Nombre Personal
001 - NUMERO DE CONTROL
- campo de control: 59229
003 - IDENTIFICADOR DE NUMERO DE CONTROL
- campo de control: MX-MxUPN
005 - FECHA Y HORA DE LA ÜLTIMA TRANSACCIÓN
- campo de control: 20260409112320.0
008 - DATOS DE LONGITUD FIJA
- campo de control de longitud fija: 230616n| acannaabn a aaa d
010 ## - NÚMERO DE CONTROL DE LA BIBLIOTECA DEL CONGRESO
- Número de control LC: no2023069124
035 ## - NUMERO DE CONTROL
- Número de control: (OCoLC)oca15406026
040 ## - FUENTE DE CATALOGACIÓN
- Agencia original de catalogación: CSt
- Lenguaje de catalogación: esp
- Description conventions: rda
- Agencia de transcripción: MX-MxUPN
100 1# - ENCABEZAMIENTO - NOMBRE PERSONAL
- Nombre personal: Ospina Florido, Byron Giovanny
373 ## - GRUPO ASOCIADO
- Associated group: Universidad Pedagógica Nacional (Colombia). Departamento de Ciencias Sociales
- Fuente del término: naf
374 ## - OCUPACIÓN
- Occupation: College teachers
- Fuente del término: lcsh
377 ## - LENGUA ASOCIADA
- Language code: spa
400 1# - VEÁSE - NOMBRE DE PERSONA
- Personal name: Florido, Byron Giovanny Ospina
400 1# - VEÁSE - NOMBRE DE PERSONA
- Personal name: Ospina, Byron G.
- Fuller form of name: (Byron Giovanny)
670 ## - FUENTE EN LA QUE SE LOCALIZARON DATOS
- Cita de la fuente: Estudios del paramilitarismo, 2023:
- Información localizada: portada (Byron Giovanny Ospina Florido) lomo (Byron G. Ospina) página 253 (profesor en el Departamento de Ciencias Sociales de la Universidad Pedagógica Nacional; candidato a doctor en antropología social en la Universidad Federal de Rio de Janeiro; maestría por la Universidad Nacional de la Plata)
670 ## - FUENTE EN LA QUE SE LOCALIZARON DATOS
- Cita de la fuente: Estudios del paramilitarismo. Análisis regionales e investigaciones acerca de la subjetividad paramilitar, 2023 :
- Información localizada: portada (Byron Giovanny Ospina Florido)
- Uniform Resource Identifier: http://hdl.handle.net/20.500.12209/18433
902 ## - CATALOGADOR
- Catalogador: JohanaAllegre/090426
